Collecting the North /

Collecting the North examines natural and human-made objects from the eighteenth to twentieth centuries, exploring their relationship to the Nordic countries and the European Arctic. Through in-depth analyses, the contributors analyse how these objects inform narratives, imaginings and interpretatio...

Full description

Saved in:

Other Authors: Delsett, Lene Liebe (Editor), Kaasa, Janicke S. (Editor), Spring, Ulrike (Editor)

Format: eBook

Language: English

Published: Leiden ; Boston : Brill, 2026.

Series: Arctic Humanities ; 2.
Literature and Cultural Studies E-Books Online, Collection 2026.

Subjects:

Online Access: Login to view Source

Tags: Add Tag

No Tags, Be the first to tag this record!

Call Number: D410

LEADER 02474nam a22005058i 4500
001 BRILL9789004749665
003 nllekb
005 20260324115023.0
006 m d
007 cr un uuuua
008 251016s2026 gw sb 001 0 eng d
020 |a 9789004749665  |q (electronic book) 
020 |z 9789004749672  |q (print) 
024 7 |a 10.1163/9789004749665  |2 DOI 
040 |a NL-LeKB  |c NL-LeKB  |e rda 
041 |a eng 
050 4 |a D410 
072 7 |a POL  |x 044000  |2 bisacsh 
072 7 |a RNT  |2 bicssc 
072 7 |a SCI  |x 026000  |2 bisacsh 
072 7 |a SOC  |x 026000  |2 bisacsh 
082 0 4 |a 910.82  |2 23 
245 0 0 |a Collecting the North /  |c edited by Janicke S. Kaasa, Lene Liebe Delsett and Ulrike Spring. 
264 1 |a Leiden ;  |a Boston :  |b Brill,  |c 2026. 
264 4 |c ©2026 
300 |a 1 online resource (350 pages) :  |b illustrations. 
336 |a text  |b txt  |2 rdacontent 
337 |a computer  |b c  |2 rdamedia 
338 |a online resource  |2 rdacarrier 
490 1 |a Arctic Humanities ;  |v 2 
490 1 |a Literature and Cultural Studies E-Books Online, Collection 2026 
504 |a Includes bibliographical references and index. 
520 |a Collecting the North examines natural and human-made objects from the eighteenth to twentieth centuries, exploring their relationship to the Nordic countries and the European Arctic. Through in-depth analyses, the contributors analyse how these objects inform narratives, imaginings and interpretations of the North across time. This volume argues that objects, collections and collecting practices have shaped political and cultural knowledge of the North in multiple ways, and continue to do so. It provides novel insights into the significance of objects in understanding the North, utilising innovative methodological and theoretical approaches from both the humanities and the natural sciences. 
546 |a English 
588 |a Description based on print version record. 
650 0 |a History. 
650 0 |a Literature and Cultural Studies. 
700 1 |a Delsett, Lene Liebe,  |e editor. 
700 1 |a Kaasa, Janicke S.,  |e editor. 
700 1 |a Spring, Ulrike,  |e editor. 
776 0 8 |i Print version:  |t Collecting the North.  |d Leiden ; Boston : Brill, 2026.  |z 9789004749672  |w (OCoLC)1527880898 
830 0 |a Arctic Humanities ;  |v 2. 
830 0 |a Literature and Cultural Studies E-Books Online, Collection 2026. 
856 4 |z DOI:   |u http://dx.doi.org/10.1163/9789004749665 
999 |c 61946  |d 61946